[Event "ICS Rated blitz match"]
[Site "207.99.83.229"]
[Date "1999.06.16"]
[Round "?"]
[White "blunite"]
[Black "Hossa"]
[Result "0-1"]
[WhiteElo "2117"]
[BlackElo "2438"]
[PlyCount "202"]

1. d4 Nf6 2. Nf3 g6 3. Nc3 Bg7 4. e4 O-O 5. Be2 d6 6. h3 e5 7. O-O exd4 8. Nxd4
Nc6 9. Be3 Nxd4 10. Bxd4 Re8 11. Bf3 Be6 12. Qd2 Bc4 13. Rfe1 Re7 14. g3 c6 15.
Bg2 Qa5 16. a3 Rae8 17. b4 Qa6 18. f3 d5 19. e5 Nd7 20. f4 f6 21. exf6 Nxf6 22.
Rxe7 Rxe7 23. Be5 Qb6+ 24. Kh2 a5 25. Rb1 axb4 26. axb4 Re6 27. Bf3 Qd8 28. Qd4
Qd7 29. Ra1 Qc8 30. Na4 Qf8 31. Nc5 Re7 32. Ra7 b6 33. Rxe7 Qxe7 34. Nd3 b5 35.
Nc5 Qf7 36. c3 Ba2 37. Bg4 Nxg4+ 38. hxg4 Bf8 39. g5 Qf5 40. Qd2 Bc4 41. Qg2
Bxc5 42. bxc5 Qg4 43. Qh3 Qxh3+ 44. Kxh3 Bf1+ 45. Kh2 Kf7 46. g4 Ke6 47. Kg3
Be2 48. Bd4 Bd1 49. Kh4 Bf3 50. Kg3 Be2 51. Kh4 Bd3 52. Kg3 Kf7 53. Kh4 Ke7 54.
Kg3 Kd7 55. Kh4 Ke8 56. Kg3 Be4 57. Kh4 Bc2 58. Kg3 Kf8 59. Kh4 Ke7 60. Kg3 Kf7
61. Kh4 Bd3 62. Kg3 Be4 63. Kh4 Ke7 64. Kg3 Ke6 65. Kh4 Bb1 66. Kg3 Kd7 67. Kh4
Bd3 68. Kg3 Ke6 69. Kh4 Bc4 70. Kg3 Bb3 71. Kh4 Bc2 72. Kg3 Ke7 73. Kh4 Kf8 74.
Kg3 Kg8 75. Kh4 Kf7 76. Kg3 Ke6 77. Kh4 Be4 78. Kg3 Ke7 79. Kh4 Kd8 80. Kg3 Kd7
81. Kh4 Bc2 82. Kg3 Ke8 83. Kh4 Kd8 84. Kg3 Kd7 85. Kh4 Bb1 86. Kg3 Ke6 87. Kh4
Kf7 88. Kg3 Ke8 89. Kh4 Kf8 90. Kg3 Be4 91. Kh4 Kg8 92. Kg3 Bd3 93. Kh4 Kf8 94.
Kg3 Ke8 95. Kh4 b4 96. Kg3 b3 97. c4 dxc4 98. Kf3 Kf7 99. Ke3 Ke6 100. Bc3 Kd5
101. Bb4 101... b2 {blunite resigns} 0-1

[Event "ICS Rated blitz match"]
[Site "207.99.83.229"]
[Date "1999.06.16"]
[Round "?"]
[White "Hossa"]
[Black "blunite"]
[Result "1-0"]
[WhiteElo "2442"]
[BlackElo "2128"]
[PlyCount "31"]

1. e4 e5 2. f4 exf4 3. Nf3 g5 4. h4 g4 5. Ng5 f6 6. Qxg4 fxg5 7. Qh5+ Ke7 8.
Qxg5+ Ke8 9. Qh5+ Ke7 10. Qe5+ Kf7 11. Bc4+ d5 12. Bxd5+ Kg6 13. h5+ Kh6 14.
Qxf4+ Kg7 15. h6+ Kg6 16. Bf7# {blunite checkmated} 1-0

[Event "ICS Rated blitz match"]
[Site "207.99.83.229"]
[Date "1999.06.16"]
[Round "?"]
[White "Secret"]
[Black "Hossa"]
[Result "1-0"]
[WhiteElo "2475"]
[BlackElo "2447"]
[PlyCount "124"]

1. e4 e5 2. Nf3 Nf6 3. d4 Nxe4 4. Bd3 d5 5. Nxe5 Nd7 6. Nxd7 Bxd7 7. O-O Qh4 8.
c4 O-O-O 9. c5 g5 10. Nc3 Nxc3 11. bxc3 Re8 12. g3 Qh6 13. Qf3 Be6 14. h4 Be7
15. Rb1 Qg7 16. hxg5 Bxg5 17. Bxg5 Qxg5 18. Rfe1 c6 19. Rb2 h5 20. Reb1 Bg4 21.
Qxf7 Re7 22. Qg6 Qxg6 23. Bxg6 h4 24. Bd3 hxg3 25. fxg3 Rh3 26. Rg2 Re3 27. Rd1
Rhxg3 28. Rxg3 Rxg3+ 29. Kf2 Rf3+ 30. Kg2 Rf7 31. Rf1 Rg7 32. Kf2 Kc7 33. Ke3
Re7+ 34. Kd2 b5 35. Rf8 a5 36. a4 b4 37. Ra8 b3 38. Ra7+ Kd8 39. Rxa5 Rb7 40.
Ra8+ Kc7 41. Rg8 Be6 42. Rg6 Bd7 43. Kc1 b2+ 44. Kb1 Rb3 45. Rg3 Be6 46. Ka2
Rb8 47. Rg2 Ra8 48. Ka3 Bc8 49. Rh2 Bg4 50. Rh7+ Bd7 51. Kxb2 Rb8+ 52. Kc2 Rf8
53. a5 Rf3 54. a6 Rf8 55. a7 Ra8 56. Bf5 Rxa7 57. Rxd7+ Kb8 58. c4 dxc4 59.
Rxa7 Kxa7 60. Kc3 Kb8 61. Kxc4 Ka7 62. d5 62... Kb8 {Hossa resigns} 1-0

[Event "ICS Rated blitz match"]
[Site "207.99.83.229"]
[Date "1999.06.16"]
[Round "?"]
[White "Hossa"]
[Black "Amateur"]
[Result "0-1"]
[WhiteElo "2432"]
[BlackElo "2499"]
[PlyCount "70"]

1. e4 e5 2. Nf3 Nc6 3. Bb5 a6 4. Ba4 Nf6 5. O-O Be7 6. Qe2 b5 7. Bb3 O-O 8. c3
d5 9. exd5 Nxd5 10. Nxe5 Nxe5 11. Qxe5 Be6 12. d4 Re8 13. Re1 Bf6 14. Qg3 Bh4
15. Qd3 Bf5 16. Rxe8+ Qxe8 17. Qd1 Qd7 18. c4 bxc4 19. Ba4 c6 20. Nc3 Rb8 21.
Nxd5 Qxd5 22. Qd2 Re8 23. h3 Bf6 24. g4 Bd3 25. Bd1 Bf1 26. f3 Bd3 27. Kh1 Qxd4
28. g5 Qh4 29. Kh2 Re2+ 30. Qxe2 Bxe2 31. Bxe2 Qf2+ 32. Kh1 Bd4 33. Bd2 Qg3 34.
Bf4 Qxh3+ 35. Bh2 35... Be5 {Hossa resigns} 0-1

[Event "ICS Rated standard match"]
[Site "207.99.83.229"]
[Date "1999.06.16"]
[Round "?"]
[White "Amateur"]
[Black "Hossa"]
[Result "1-0"]
[WhiteElo "2411"]
[BlackElo "2201"]
[PlyCount "118"]

1. e4 e5 2. Nf3 Nc6 3. Bb5 a6 4. Ba4 Nf6 5. O-O Be7 6. Re1 b5 7. Bb3 O-O 8. a4
Bb7 9. d3 d6 10. Nbd2 Na5 11. c4 Nxb3 12. Qxb3 Nd7 13. axb5 Nc5 14. Qc2 axb5
15. Rxa8 Qxa8 16. cxb5 Ne6 17. Nc4 f5 18. b6 c6 19. Ne3 fxe4 20. dxe4 Rxf3 21.
gxf3 Nd4 22. Qd1 Qf8 23. Kg2 Qf7 24. Nc2 Nb3 25. Bd2 Nc5 26. Ba5 Ne6 27. Ne3
Nf4+ 28. Kh1 Nh3 29. Rf1 Bf8 30. b3 Nf4 31. Rg1 Nh3 32. Rg2 Kh8 33. Nc4 Qf6 34.
Bc3 Nf4 35. Rg3 Nh5 36. Rg4 Qe7 37. Na5 Nf6 38. Rg2 Qf7 39. Rg3 c5 40. Qd3 Nh5
41. Rg5 Nf4 42. Qc4 d5 43. Qb5 dxe4 44. Nxb7 Nd3 45. Rg3 Qxb7 46. Kg1 Qb8 47.
b7 Bd6 48. Qc6 Qf8 49. Qxe4 c4 50. bxc4 Nc5 51. Qd5 Nd7 52. Bb4 Bxb4 53. Qxd7
Bd6 54. c5 Bb8 55. c6 h5 56. c7 Bxc7 57. Qxc7 Qf6 58. b8=Q+ Kh7 59. Qba7 59...
Qf8 {Hossa resigns} 1-0

[Event "ICS rated blitz match"]
[Site "207.99.83.229"]
[Date "1999.06.16"]
[Round "?"]
[White "DrHugoELO"]
[Black "Hossa"]
[Result "0-1"]
[WhiteElo "2067"]
[BlackElo "2419"]
[PlyCount "50"]

1. d4 Nf6 2. Nc3 d5 3. Bg5 e6 4. e4 dxe4 5. Nxe4 Be7 6. Bxf6 Bxf6 7. Nf3 Be7 8.
Bd3 O-O 9. h4 Nc6 10. c3 Qd5 11. Qe2 Bd7 12. g4 f5 13. gxf5 Rae8 14. fxe6 Bxe6
15. c4 Qa5+ 16. Kf1 Bg4 17. Neg5 Bxg5 18. Bxh7+ Kh8 19. Qxe8 Rxe8 20. Nxg5 Be2+
21. Kg1 Bxc4 22. Bg6 Rf8 23. Rh3 Nxd4 24. b3 Nxb3 25. Re1 25... Qxe1+ {
DrHugoELO resigns} 0-1

[Event "ICS rated standard match"]
[Site "207.99.83.229"]
[Date "1999.06.16"]
[Round "?"]
[White "Hossa"]
[Black "slaven"]
[Result "1-0"]
[WhiteElo "2194"]
[BlackElo "2200"]
[Annotator "Fritz 5.32 (15s)"]
[PlyCount "36"]

1. e4 c5 2. Nf3 d6 3. d4 cxd4 4. Nxd4 Nf6 5. Nc3 a6 6. Be2 e6 7. f4 Qc7 8. O-O
b5 9. e5 (9. Bf3 Bb7 10. Qe2 Be7 11. Kh1 O-O 12. e5 dxe5 13. fxe5 Nfd7 14. Bf4
Nc6 15. Rad1 Nb6 16. Bxc6 Bxc6 17. Ne4 Bxe4 18. Qxe4 Rad8 19. Rf3 Rd5 20. Rdf1
b4 21. Bh6 Rxd4 22. Qxd4 gxh6 23. Qg4+ Kh8 24. Qh5 Qxc2 25. Rxf7 Rg8 26. Qh3
Nd5 27. R7f2 Qg6 28. Qb3 h5 29. h3 Bc5 30. Re2 Ne3 31. Rc1 Nf5 32. Rec2 32...
Nd4 {0-1 Himdan,M-Timoshenko,G/GM B, Cairo EGY 1997 (32)}) 9... dxe5 10. fxe5
Nfd7 11. Bh5 $146 (11. Bf3 Bb7 12. Bf4 Nc6 13. Nxc6 Bxc6 14. Ne4 Bxe4 15. Bxe4
Rd8 16. Bg3 Nc5 17. Qf3 Nxe4 18. Qxe4 Bc5+ 19. Kh1 19... O-O {
- Kasparov Garry-Morgulev/Moscow 1976 (19)}) 11... g6 {Sichert f5} 12. Qf3 {
Droht Matt: Qxf7} 12... Nxe5 {
Schwarz muss dringend die Entwicklung vorantreiben.} 13. Qf6 (13. Qxa8 $2 {
ist naheliegend und schlecht} 13... Bb7 $1 {nun ist alles klar} 14. Qxb7 14...
Qxb7 $19) 13... Rg8 14. Bf3 Nbd7 (14... Bg7 15. Qh4 Nxf3+ 16. Rxf3 $17) 15. Qh4
Nxf3+ 16. Rxf3 16... Ne5 $15 (16... Bb7 17. Re3 $17) 17. Re3 17... Nc4 $4 $18 {
wirft den Vorteil weg} (17... Bb7 $15 $142 {geht wohl noch}) 18. Nd5 (18. Qxh7
{ist weit schwaecher wegen} 18... Rg7 19. Qh8 Nxe3 20. Bxe3 20... Qe5 $19)
18... Qc5 1-0

[Event "ICS Rated blitz match"]
[Site "207.99.83.229"]
[Date "1999.06.16"]
[Round "?"]
[White "Hossa"]
[Black "Secret"]
[Result "0-1"]
[WhiteElo "2423"]
[BlackElo "2373"]
[PlyCount "160"]

1. e4 e5 2. f4 exf4 3. Nf3 d6 4. d4 g5 5. Nc3 g4 6. Ng1 Qh4+ 7. Ke2 Nf6 8. Bxf4
Nh5 9. Qd2 Nxf4+ 10. Qxf4 Bh6 11. Qf2 Qxf2+ 12. Kxf2 Bg7 13. Nb5 Kd8 14. Rd1
Re8 15. c3 Rxe4 16. Bd3 Rf4+ 17. Kg3 Rf6 18. Bxh7 a6 19. Na3 Bh6 20. Ne2 Re6
21. Rhe1 Bg5 22. Bd3 Bd7 23. Bc4 Rh6 24. Rf1 f6 25. b4 Rh8 26. Nc2 Bh4+ 27. Kf4
Re8 28. d5 Re5 29. Ncd4 Ke7 30. Ne6 f5 31. N2d4 Bxe6 32. dxe6 Kf6 33. Nxf5
Rxf5+ 34. Kxg4 Bf2 35. Rd5 Re5 36. Rxe5 dxe5 37. Rxf2+ Ke7 38. Bd5 c6 39. Bb3
b6 40. Rf7+ Kd6 41. Rb7 a5 42. Rxb6 axb4 43. Rxb4 Na6 44. Rb7 Nc5 45. Rb6 Nxe6
46. Bxe6 Kxe6 47. Rxc6+ Kd5 48. Rc7 Rxa2 49. Kg3 Ke4 50. c4 Ra3+ 51. Kh4 Kd4
52. g4 Ra2 53. h3 Rc2 54. g5 Rg2 55. c5 Kd5 56. c6 Kd6 57. Rc8 Re2 58. Kg4 Re4+
59. Kg3 Re3+ 60. Kg2 Re2+ 61. Kg3 Re3+ 62. Kh2 Re2+ 63. Kg1 Re3 64. h4 Re4 65.
Rh8 Kxc6 66. Kf2 Rf4+ 67. Ke3 Rg4 68. Kf3 Rf4+ 69. Kg3 Rf1 70. h5 Rg1+ 71. Kh4
Kd7 72. h6 e4 73. Kh5 e3 74. Rh7+ Kd6 75. Ra7 e2 76. Ra6+ Ke5 77. Ra8 e1=Q 78.
Re8+ Kf5 79. Rxe1 Rxe1 80. g6 80... Rh1# {Hossa checkmated} 0-1

[Event "ICS Rated blitz match"]
[Site "207.99.83.229"]
[Date "1999.06.16"]
[Round "?"]
[White "Hossa"]
[Black "Data"]
[Result "0-1"]
[WhiteElo "2405"]
[BlackElo "2794"]
[PlyCount "89"]

1. e4 c5 2. Nf3 Nc6 3. Bb5 g6 4. O-O Bg7 5. c3 Nf6 6. d3 Qc7 7. Be3 d6 8. Qd2
Bg4 9. e5 dxe5 10. Bxc6+ bxc6 11. Ng5 c4 12. f3 Bf5 13. d4 O-O 14. dxe5 Qxe5
15. Bd4 Qd5 16. Qf4 Rab8 17. Rf2 Rb5 18. Bxf6 exf6 19. Ne4 Bxe4 20. fxe4 Qc5
21. Kh1 Rfb8 22. Nd2 Rxb2 23. Raf1 Rd8 24. h4 Rxa2 25. Re2 Qh5 26. Qf2 a5 27.
Nf3 Rxe2 28. Qxe2 Qc5 29. Rb1 Rd3 30. Qe1 Qe3 31. Qxe3 Rxe3 32. Ra1 f5 33. e5
Bxe5 34. Rxa5 Bd6 35. Ra6 Rxc3 36. Rxc6 Rc1+ 37. Ng1 Bg3 38. h5 Bf2 39. h6 Kf8
40. Rc8+ Ke7 41. Rc7+ Kd6 42. Rxf7 Rxg1+ 43. Kh2 c3 44. Rf6+ Kd5 45. Rxg6 {
Hossa resigns} 0-1

[Event "ICS Rated standard match"]
[Site "207.99.83.229"]
[Date "1999.06.16"]
[Round "?"]
[White "Hossa"]
[Black "dhaqane"]
[Result "1-0"]
[WhiteElo "2195"]
[BlackElo "1879"]
[PlyCount "57"]

1. e4 c5 2. Nf3 e6 3. d4 d5 4. exd5 exd5 5. Bb5+ Nc6 6. Bxc6+ bxc6 7. O-O Nf6
8. Re1+ Be7 9. dxc5 O-O 10. Be3 Bg4 11. Nc3 Ne4 12. Nxe4 dxe4 13. Qxd8 Rfxd8
14. Ne5 Bf5 15. Nxc6 Rd7 16. Rad1 Rc7 17. Nxe7+ Rxe7 18. c4 h6 19. b4 Rb7 20.
a3 Be6 21. Rc1 a6 22. Bf4 f5 23. f3 g5 24. Bd6 a5 25. b5 Kf7 26. c6 Rba7 27. b6
Ra6 28. b7 Re8 29. c7 {dhaqane resigns} 1-0

[Event "ICS Rated standard match"]
[Site "207.99.83.229"]
[Date "1999.06.16"]
[Round "?"]
[White "kriss"]
[Black "Hossa"]
[Result "0-1"]
[WhiteElo "1819"]
[BlackElo "2199"]
[PlyCount "30"]

1. e4 e5 2. Nc3 Nf6 3. d3 Nc6 4. Bg5 Bb4 5. Nge2 O-O 6. a3 Be7 7. h4 h6 8. Bd2
d5 9. exd5 Nd4 10. Nxd4 exd4 11. Ne4 Re8 12. d6 Bxd6 13. f3 Nxe4 14. fxe4 Bg3+
15. Ke2 15... Bg4# {kriss checkmated} 0-1

[Event "ICS Rated standard match"]
[Site "207.99.83.229"]
[Date "1999.06.16"]
[Round "?"]
[White "Pauline"]
[Black "Hossa"]
[Result "0-1"]
[WhiteElo "2054"]
[BlackElo "2202"]
[Annotator "Fritz 5.32 (45s)"]
[PlyCount "72"]

1. d4 Nf6 2. c4 e6 3. Nc3 Bb4 4. e3 b6 5. Be2 5... O-O $146 (5... Bb7 6. Nf3 (
6. Bf3 Qc8 7. Qb3 Nc6 8. Nge2 Be7 9. Bxc6 Bxc6 10. d5 Bb7 11. e4 exd5 12. cxd5
c6 13. O-O O-O 14. Bf4 cxd5 15. e5 Ne4 16. Nxd5 Re8 17. Rac1 Nc5 18. Nxe7+ Rxe7
19. Qg3 Re6 20. Qe3 20... Qe8 {
Zagorjansky Evgeny-Sherbakov L/Ch Moscow 1942/1-0 (41)}) 6... c5 7. O-O Bxc3 8.
bxc3 d6 9. Nd2 O-O 10. f4 Nbd7 11. Bd3 Qe7 12. e4 cxd4 13. cxd4 e5 14. fxe5
dxe5 15. d5 Nc5 16. Bc2 Ba6 17. Bb2 Rac8 18. Rc1 Nb7 19. Bd3 Nc5 20. Bb1 {
Arakelov I-Shmakov F/Ch Russia cadets und (5) 1996/1-0 (36)}) (5... Ne4 6. Qb3
Bxc3+ 7. bxc3 d6 8. Nf3 O-O 9. O-O c5 10. Ne1 f5 11. f3 Ng5 12. Nd3 Nc6 13. Rd1
Qe7 14. Nf4 Na5 15. Qa4 Bd7 16. Qc2 Rac8 17. dxc5 bxc5 18. Rb1 Rb8 19. Bd2 Nf7
20. e4 {Harari Zaki-Ward Christopher/It open \ 1993/0-1 (47)}) 6. Bf3 d5 7. a3
Bxc3+ 8. bxc3 c6 9. cxd5 cxd5 10. Ne2 Ba6 11. O-O Nc6 12. Re1 Rc8 13. a4 e5 14.
g3 e4 15. Bg2 Na5 16. Qc2 Bd3 17. Qb2 Bc4 18. Nf4 Nb3 19. Ra3 Nxc1 20. Rxc1 Rc7
21. a5 b5 22. a6 Qd7 23. Qb4 Rc6 24. Bh3 Ng4 25. Bxg4 Qxg4 26. Qe7 Ra8 27. Qb7
Qc8 28. Rca1 $2 $19 (28. Rb1 $17 $142) 28... Qe8 29. Ra5 (29. Nxd5 Bxd5 30.
Qxb5 30... Qe6 $19) 29... Rb8 $1 {ganz unerschrocken} 30. Qxa7 (30. Nxd5 Rxb7
31. axb7 Bxd5 32. Rxb5 Rb6 33. Rxb6 33... axb6 $19) 30... Qd8 31. Qb7 31... Rb6
$1 {huebsch} (31... Rxb7 $4 {die Dame darf nicht angetastet werden} 32. axb7
Rb6 33. Ra8 $18) 32. Qa7 Ra8 33. Qb7 g5 (33... Rxb7 $4 {
Schwarz muss die Dame stehen lassen} 34. axb7 Rb8 35. Ra8 $18) 34. Nh5 Be2 (
34... Rxb7 $4 {Schwarz kann die Dame nicht schlagen} 35. axb7 Rb8 36. Ra8 $18)
35. Nf6+ (35. g4 {hilft allerdings auch nicht} 35... Bc4 $19 (35... Rxb7 36.
axb7 Rc8 37. Ra8 Bxg4 38. Rxc8 Bxc8 39. Ra8 $18)) 35... Rxf6 36. a7 (36. Rxb5 {
ist der letzte Rettungsanker} 36... Bxb5 37. Qxb5 $19) 36... Rb6 (36... Rb6 37.
Qxb6 37... Qxb6 $19) 0-1

[Event "ICS rated standard match"]
[Site "207.99.83.229"]
[Date "1999.06.16"]
[Round "?"]
[White "Hossa"]
[Black "slaven"]
[Result "1-0"]
[WhiteElo "2212"]
[BlackElo "2123"]
[PlyCount "55"]

1. e4 c5 2. Nf3 d6 3. d4 cxd4 4. Nxd4 Nf6 5. Nc3 a6 6. Be2 e6 7. f4 Qc7 8. O-O
b5 9. e5 dxe5 10. fxe5 Nfd7 11. Bh5 g6 12. Qf3 Nxe5 13. Qf6 Rg8 14. Bf3 Nbd7
15. Qh4 Nxf3+ 16. Rxf3 Bb7 17. Rf2 h5 18. Bg5 Bc5 19. Rd1 Qb6 20. Qf4 f5 21. b4
Bxd4 22. Qxd4 Qxd4 23. Rxd4 Rc8 24. Rfd2 Nb6 25. Rd6 Nd5 26. Ne2 Rg7 27. Rxe6+
Kf8 28. Rd6 {slaven resigns} 1-0

[Event "ICS rated blitz match"]
[Site "207.99.83.229"]
[Date "1999.06.16"]
[Round "?"]
[White "ChrisDemers"]
[Black "Hossa"]
[Result "0-1"]
[WhiteElo "2129"]
[BlackElo "2387"]
[PlyCount "104"]

1. e4 e5 2. Nc3 Nf6 3. g3 d5 4. exd5 Nxd5 5. Bg2 Nxc3 6. bxc3 Nd7 7. Ne2 Bd6 8.
O-O O-O 9. d3 f5 10. f4 e4 11. c4 Bc5+ 12. Kh1 Qf6 13. Rb1 Qg6 14. Bb2 Re8 15.
Nc3 Bb6 16. Re1 Bf2 17. Re2 Bxg3 18. hxg3 Qxg3 19. Qf1 Re6 20. Qf2 Rh6+ 21. Kg1
Qh2+ 22. Kf1 Nf6 23. Bc1 Ng4 24. Qg1 Qg3 25. Bxe4 Qxg1+ 26. Kxg1 fxe4 27. Nxe4
Ra6 28. a3 Rh6 29. f5 Rh4 30. Bg5 Rh5 31. f6 Bf5 32. Bf4 Bxe4 33. Rxe4 Nxf6 34.
Re7 b6 35. Rxc7 Rf5 36. Bg3 Rg5 37. Kh2 Ng4+ 38. Kh3 Ne3 39. Re1 Rh5+ 40. Bh4
Rxh4+ 41. Kxh4 Ng2+ 42. Kg3 Nxe1 43. d4 Nxc2 44. d5 Nxa3 45. d6 Rd8 46. Rxa7
Nxc4 47. d7 Ne5 48. Rb7 Nxd7 49. Kf4 Kf7 50. Kf5 Ke7 51. Ke4 Kd6 52. Kf5 52...
Ra8 {ChrisDemers resigns} 0-1

[Event "ICS rated blitz match"]
[Site "207.99.83.229"]
[Date "1999.06.16"]
[Round "?"]
[White "kenchamp"]
[Black "Hossa"]
[Result "0-1"]
[WhiteElo "2098"]
[BlackElo "2393"]
[PlyCount "62"]

1. d4 Nf6 2. c4 e6 3. Nc3 Bb4 4. a3 Bxc3+ 5. bxc3 c5 6. e3 Nc6 7. f4 Ne4 8. Nf3
Qa5 9. Bd2 O-O 10. Bd3 f5 11. O-O d5 12. Qc2 Qc7 13. Ne5 Nxe5 14. fxe5 Nxd2 15.
Qxd2 dxc4 16. Bxc4 cxd4 17. Qxd4 Kh8 18. Rac1 Rd8 19. Qf4 Bd7 20. Rfd1 Rac8 21.
Be2 Qc5 22. Kh1 Qxa3 23. e4 Qb2 24. Bf3 Bc6 25. Rxd8+ Rxd8 26. h3 Bxe4 27. Bxe4
fxe4 28. Re1 Qxc3 29. Qxe4 b5 30. Rf1 a5 31. Qc6 31... Qxc6 {kenchamp resigns}
0-1

[Event "ICS rated standard match"]
[Site "207.99.83.229"]
[Date "1999.06.16"]
[Round "?"]
[White "Botvinik"]
[Black "Hossa"]
[Result "0-1"]
[WhiteElo "1856"]
[BlackElo "2215"]
[PlyCount "71"]

1. e4 e5 2. Nf3 Nc6 3. Bb5 a6 4. Ba4 Nf6 5. O-O Be7 6. Re1 b5 7. Bb3 O-O 8. c3
d6 9. h3 Bb7 10. d4 Re8 11. Nbd2 Bc8 12. Nf1 exd4 13. cxd4 Na5 14. Bc2 Nc6 15.
Ng3 Nb4 16. Bb1 c5 17. a3 Nc6 18. b3 Nxd4 19. Nxd4 cxd4 20. Qxd4 Be6 21. Qd3
Rc8 22. Bb2 g6 23. Bc2 d5 24. e5 Nd7 25. Rac1 Bg5 26. Rcd1 Bf4 27. Bb1 Qg5 28.
Qd4 Rc7 29. Nf1 Bxh3 30. g3 Nxe5 31. Rxe5 Bxe5 32. Qb6 Qh5 33. Ne3 Bxb2 34.
Qxc7 Rxe3 35. Qd8+ Kg7 36. Qxd5 {Botvinik resigns} 0-1

[Event "ICS rated blitz match"]
[Site "207.99.83.229"]
[Date "1999.06.16"]
[Round "?"]
[White "Hossa"]
[Black "JaimeRodriguez"]
[Result "1-0"]
[WhiteElo "2398"]
[BlackElo "2123"]
[PlyCount "123"]

1. e4 Nf6 2. e5 Nd5 3. d4 d6 4. c4 Nb6 5. f4 Bf5 6. Nf3 e6 7. Be2 dxe5 8. fxe5
Be7 9. O-O O-O 10. Nc3 Nc6 11. Be3 f6 12. exf6 Bxf6 13. Qd2 Qd7 14. Rad1 Rad8
15. Qe1 Qe7 16. b3 a6 17. Kh1 Bg6 18. Rf2 e5 19. d5 Nb4 20. d6 Rxd6 21. Rxd6
Nc2 22. Rxf6 Nxe1 23. Rxf8+ Qxf8 24. Nxe1 Qb4 25. Bd2 Qc5 26. Kg1 Qd4 27. Nf3
Qd6 28. Bf1 Qc5 29. Ng5 h6 30. Nge4 Qd4 31. Ng3 h5 32. Be1 h4 33. Nge2 Qe3 34.
Nd1 Qc5 35. Bd2 Qd6 36. Nec3 Nd7 37. Bg5 Qd4 38. Be3 Qd6 39. Rd2 Qe7 40. Bf2 h3
41. g4 e4 42. Nd5 Qg5 43. Re2 Qxg4+ 44. Bg3 Ne5 45. Nf2 Nf3+ 46. Kh1 Qg5 47.
Nxh3 Qc1 48. Rf2 c6 49. Ne7+ Kh7 50. Bf4 Qd1 51. Ng5+ Kh6 52. Nxf3+ Kh7 53.
Ng5+ Kh6 54. Nxe4+ Kh7 55. Ng5+ Kh6 56. Ne6+ Kh7 57. Nf8+ Kh8 58. Nfxg6+ Kh7
59. Be3 Qh5 60. Rf4 Qxg6 61. Bd3 Qxd3 62. Rh4# {JaimeRodriguez checkmated} 1-0

[Event "ICS rated blitz match"]
[Site "207.99.83.229"]
[Date "1999.06.16"]
[Round "?"]
[White "Kengtin"]
[Black "Hossa"]
[Result "1-0"]
[WhiteElo "2258"]
[BlackElo "2399"]
[PlyCount "99"]

1. d4 Nf6 2. c3 g6 3. Nd2 d5 4. f3 Bg7 5. e4 O-O 6. e5 Ne8 7. f4 f6 8. Ngf3
fxe5 9. fxe5 c5 10. Bd3 Qb6 11. dxc5 Qxc5 12. Nb3 Qb6 13. Qe2 Bg4 14. Be3 Bxf3
15. gxf3 Qd8 16. f4 Nc6 17. O-O-O Bh6 18. h4 Bxf4 19. Bxf4 Rxf4 20. h5 g5 21.
h6 e6 22. Rdg1 Ra4 23. Qe3 Kh8 24. Rxg5 Qe7 25. Rhg1 Qf7 26. Rg7 Nxg7 27. hxg7+
Qxg7 28. Rxg7 Kxg7 29. Qg5+ Kf7 30. Nc5 Rxa2 31. Qf6+ Ke8 32. Qxe6+ Ne7 33.
Nxb7 a6 34. Nd6+ Kd8 35. Nf5 Nxf5 36. Bxf5 Ra1+ 37. Kc2 Kc7 38. Qd7+ Kb6 39.
Qd6+ Kb7 40. Qxd5+ Kc7 41. Qd6+ Kb7 42. Be4+ Kc8 43. Bxa8 h5 44. Bc6 Rd1 45.
Qxd1 Kc7 46. Be4 h4 47. Qd6+ Kc8 48. e6 a5 49. Qd7+ Kb8 50. Qb7# {
Hossa checkmated} 1-0

[Event "ICS rated blitz match"]
[Site "207.99.83.229"]
[Date "1999.06.16"]
[Round "?"]
[White "Hossa"]
[Black "kyu"]
[Result "1-0"]
[WhiteElo "2377"]
[BlackElo "2181"]
[Annotator "Fritz 5.32 (22s)"]
[PlyCount "35"]

1. d4 1... d5 {Opening = E06 - 4.Bg2 Be7 5.Nf3(0-0 6.0-0)} 2. c4 e6 3. Nf3 Nf6
4. g3 Be7 5. Bg2 O-O 6. Qc2 c6 7. O-O b5 8. cxb5 (8. c5 a5 9. Nbd2 Nfd7 10. e4
f5 11. e5 g5 12. h3 Rf7 13. Nh2 Nf8 14. f4 gxf4 15. gxf4 Ra7 16. Ndf3 Rg7 17.
Be3 Bd7 18. Kh1 Be8 19. Rg1 Bh5 20. Bf1 Bxf3+ 21. Nxf3 Rxg1+ 22. Kxg1 22... Bh4
{Vinicius,M-Rodrigues,A/Charlier mem, Sao Paulo BRA (1) 1996/ - (37)}) 8...
cxb5 9. Bf4 9... Nbd7 $14 (9... Bb7 10. Rc1 $11) 10. Qc6 {Mit der Idee Bc7}
10... Nb6 $16 (10... Qb6 11. Qxa8 Bb7 12. Qxf8+ Nxf8 13. Rc1 $11) 11. Qxb5 Bd7
12. Qd3 Nc4 (12... Rc8 13. Rc1 $16) 13. b3 Nd6 14. Nc3 Nfe4 15. Bxd6 Nxd6 16.
Ne5 16... f6 $18 (16... Rc8 17. Rac1 $16) 17. Nxd7 Qxd7 18. Na4 (18. Na4 Nf7
19. Rfc1 $16) 1-0

[Event "ICS rated blitz match"]
[Site "207.99.83.229"]
[Date "1999.06.16"]
[Round "?"]
[White "Hossa"]
[Black "Secret"]
[Result "0-1"]
[WhiteElo "2385"]
[BlackElo "2406"]
[Annotator "Fritz 5.32 (22s)"]
[PlyCount "129"]

1. d4 1... d5 {Opening = D10 - 3.---} 2. c4 c6 3. cxd5 cxd5 4. Nc3 Nf6 5. Bf4
Nc6 6. h3 $15 {Deckt g4} (6. e3 $5 $11 {ist interessant} 6... a6 (6... Bf5 7.
Bd3 Bxd3 8. Qxd3 e6 9. Nge2 Be7 10. O-O O-O 11. Rac1 Qb6 12. h3 Rfc8 13. Qb5
Qxb5 14. Nxb5 Ne8 15. Rfd1 a6 16. Nbc3 b5 17. f3 {
- Gavrilov,A-Krapivin,V/op, Decin CZE (7) 1996 (17)}) (6... Bg4 7. f3 Bd7 8.
Bd3 e6 9. Bg3 Be7 10. Nge2 O-O 11. O-O a6 12. Rc1 Rc8 13. Kh1 Na5 14. b3 b5 15.
Qd2 Qb6 16. e4 b4 17. Nd1 Rxc1 18. Qxc1 Rc8 19. Qb1 Bb5 20. Bh4 Nxe4 21. fxe4 {
/Bundesliga 1994/95 0/0-1 (68)}) 7. Bd3 e6 8. Rc1 Bd6 9. Bxd6 Qxd6 10. f4 O-O
11. Nf3 b5 12. O-O Bb7 13. Ne5 Rac8 14. g4 Na5 15. b3 Rc7 16. Qd2 Rfc8 17. Ne2
Nc6 18. g5 Ne4 19. Bxe4 dxe4 20. Nxc6 Rxc6 21. Rxc6 Rxc6 22. Rc1 h6 23. Rxc6
Bxc6 24. gxh6 gxh6 25. Ng3 Kf8 26. Qc2 f5 27. Ne2 b4 28. Ng3 Bb5 29. Qc8+ Ke7
30. Kf2 Qc6 31. Qxc6 Bxc6 32. Ke1 Bb5 33. d5 Kd6 34. dxe6 Kxe6 35. Kd2 35... a5
{- Cosma,I-Simic,R (35)}) 6... Qb6 7. e3 Qxb2 8. Rc1 e6 9. Bb5 Bb4 10. Nge2
Qxa2 11. O-O Qa5 12. Bxc6+ $19 (12. Qb3 12... Be7 $17) 12... bxc6 13. Ra1 Qd8 (
13... Bxc3 $4 {ein boeser Fehlgriff} 14. Rxa5 Bxa5 15. Qa4 $18) 14. Qa4 a5 15.
Na2 Be7 16. Qxc6+ Bd7 17. Qb7 O-O 18. Rfc1 a4 19. Be5 Ne8 20. Nb4 $19 (20. e4
f6 21. Bc7 Qc8 22. Qxc8 Bxc8 23. exd5 23... Ba6 $15) 20... Nd6 21. Bxd6 Bxd6
22. Nc6 Bxc6 23. Rxc6 a3 24. Nc3 (24. Ra6 24... Re8 $17) 24... Be7 25. Nb5 Ra5
26. Rc3 $19 (26. Rcc1 26... Ra4 $17) 26... Bb4 27. Rb3 Qe7 28. Nc7 Bd6 29. Rc3
a2 30. Qb6 Ra4 31. Nb5 Bb8 32. Rc2 $2 (32. Qc6 $142 32... Qb4 33. Rcc1 $19)
32... Qb4 33. Qc6 (33. Rcxa2 $4 {vergiftet...} 33... Rxa2 34. Rf1 34... Rb2 $19
) 33... Qb3 34. Rcc1 Rc4 35. Qa6 Rxc1+ 36. Rxc1 36... Qb1 {Droht Matt: Qxc1}
37. Qa3 Qxb5 38. Qxa2 Bd6 39. Qc2 Rb8 40. Qd1 Qb6 41. Qd3 Qb7 42. Qf1 Ra8 43.
Qe2 43... Rc8 {Droht Matt} 44. Ra1 Qb4 45. Qa6 Rc2 46. Qf1 Qb8 47. f4 (47. Rc1
{hilft allerdings auch nicht} 47... Rxc1 48. Qxc1 48... Kf8 $19) 47... Qb7 (
47... Qb3 {und Schwarz haette es noch leichter} 48. Qe1 $19) 48. Rb1 48... Qc8
{Schwarz erhaelt starke Initiative} 49. Kh1 Qc3 50. Qf3 Qd3 51. Re1 Qd2 52. Rd1
Qe2 53. Qxe2 Rxe2 54. Rd3 g5 55. g3 gxf4 56. gxf4 Kg7 57. Kg1 Kg6 58. Rb3 Kf5
59. Rb6 (59. Kf1 {nuetzt auch nichts mehr} 59... Ra2 $19) 59... Ba3 60. Rb7
Rxe3 (60... Bc1 61. Kf1 Rh2 62. Rxf7+ Ke4 63. f5 exf5 64. Rxh7 Bxe3 65. Re7+
Kf3 66. Rxe3+ Kxe3 67. Kg1 Rxh3 68. Kg2 Rf3 69. Kg1 Rg3+ 70. Kh1 f4 71. Kh2 Kf2
72. Kh1 Rh3#) 61. Rxf7+ Kg6 62. Rd7 Rxh3 63. Kg2 Rd3 64. Rd8 (64. f5+ {
holt die Kuh nicht vom Eis} 64... Kxf5 65. Rxh7 65... Bb2 $19) 64... Rxd4 65.
Re8 0-1